| 000 | 01137nam a2200301 a 4500 | ||
|---|---|---|---|
| 999 |
_c327587 _d327587 |
||
| 003 | BLK | ||
| 005 | 20240809113615.0 | ||
| 008 | 181211b bu a|||gr|||| 00| 0 bu d | ||
| 020 | _a9786191993031 | ||
| 040 | _aBLK | ||
| 041 |
_aBUL _cBUL |
||
| 080 |
_aАнглийска литература _b821.111 _x-93-31 _z821.111-93-31 |
||
| 100 |
_aУеб, Холи _9331941 |
||
| 139 |
_aУеб, Холи _bУ 27 |
||
| 240 | _aSmudge the stolen kitten | ||
| 245 |
_aИзчезването на Сивчо _cХоли Уеб ; ил. Катрин Къркланд ; прев. от англ. ез. Ирина Борисова Манушева |
||
| 260 |
_9209475 _aСофия _bФют _c2018 _fМултипринт ЕООД |
||
| 300 |
_a95 с. _bс ил. _c20 см |
||
| 380 | _aDX | ||
| 500 | _aОриг. загл.: Smudge the stolen kitten / Holly Webb | ||
| 700 |
_9391537 _aКъркланд, Катрин _eил. |
||
| 700 |
_aМанушева, Ирина Борисова _9368041 |
||
| 852 | _aЦб 292322 | ||
| 942 |
_cKNG _n0 _030 |
||
| 944 |
_aCR _k30532 _lЛиляна Коева |
||
| 999 | _d327587 | ||
| 999 | _d327568 | ||